| 000 | 00590nam a2200205Ii 4500 | ||
|---|---|---|---|
| 003 | JO-AjNU | ||
| 008 | 230606s9999||||xx |||||||||||||| ||und|| | ||
| 040 |
_aJO-AjNU _beng _erda _cJO-AjNU |
||
| 041 | _aeng | ||
| 050 | 1 | 4 | _aRC508.R9 1968 |
| 100 | 3 |
_aGorer, Geoffrey ; Anthony Storr , John Wren-Lewis, _eauthor _95509 |
|
| 245 | 0 | 0 | _aPsychoanalysis Observed |
| 250 | _a1 ed | ||
| 264 | 3 | 1 | _aEngland: Penguin Books, 1968 |
| 300 | _a160P | ||
| 336 |
_atext _btxt _2rdacontent |
||
| 337 |
_aunmediated _bn _2rdamedia |
||
| 338 |
_avolume _bnc _2rdacarrier |
||
| 650 | 4 |
_aPsychoanalysis _95510 |
|
| 999 |
_aE2849 _c2847 _d2847 |
||